000 00758nam a2200241Ia 4500
003 OSt
005 20240429145815.0
008 210716s2006 xx 000 0 und d
020 _a9788184041606
040 _cAIMIT LIBRARY
041 _aeng
082 _a005.72
_21
_bKORJ
100 _aKorpela, Jukka K.
_9162518
245 _aUnicode explained /
_cby Jukka K. Korpela.
250 _a1st ed.
260 _aMumbai :
_bShroff Publishers and Distributors Pvt Ltd ,
_c2006.
300 _axvii,658,13 p.;
_bPB
_c24 cm.
650 _aCharacter sets and encodings
_9162519
650 _aUnicode encodings
_9162520
650 _aCharacters in internet protocols
_9162521
650 _aCharacters and languages
_9162522
942 _2ddc
_cBK
_e1st
_k005.72 KORJ
999 _c188410
_d188410